|
|
|
|
| LEADER |
01511nam a2200397Ia 4500 |
| 001 |
EBC302239 |
| 003 |
MiAaPQ |
| 005 |
20200520144314.0 |
| 006 |
m o d | |
| 007 |
cr cn||||||||| |
| 008 |
061205s2007 gw a sb 000 0 eng d |
| 010 |
|
|
|z 2006939790
|
| 020 |
|
|
|z 9783790819328
|
| 020 |
|
|
|z 9783790819311 (pbk.)
|
| 020 |
|
|
|z 379081931X (pbk.)
|
| 035 |
|
|
|a (MiAaPQ)EBC302239
|
| 035 |
|
|
|a (Au-PeEL)EBL302239
|
| 035 |
|
|
|a (CaPaEBR)ebr10171293
|
| 035 |
|
|
|a (CaONFJC)MIL85387
|
| 035 |
|
|
|a (OCoLC)184982660
|
| 040 |
|
|
|a MiAaPQ
|c MiAaPQ
|d MiAaPQ
|
| 050 |
|
4 |
|a HC60
|b .S246 2007
|
| 082 |
0 |
4 |
|a 338.91091724
|2 22
|
| 100 |
1 |
|
|a Schabbel, Christian.
|
| 245 |
1 |
4 |
|a The value chain of foreign aid
|h [electronic resource] :
|b development, poverty reduction, and regional conditions /
|c Christian Schabbel.
|
| 260 |
|
|
|a Heidelberg :
|b Physica ;
|a London
|a New York :
|b Springer [distributor],
|c c2007.
|
| 300 |
|
|
|a xv, 320 p. :
|b ill.
|
| 490 |
1 |
|
|a Contributions to economics,
|x 1431-1933
|
| 504 |
|
|
|a Includes bibliographical references.
|
| 533 |
|
|
|a Electronic reproduction. Ann Arbor, MI : ProQuest, 2015. Available via World Wide Web. Access may be limited to ProQuest affiliated libraries.
|
| 650 |
|
0 |
|a Economic assistance.
|
| 651 |
|
0 |
|a Developing countries
|x Economic conditions.
|
| 655 |
|
4 |
|a Electronic books.
|
| 710 |
2 |
|
|a ProQuest (Firm)
|
| 830 |
|
0 |
|a Contributions to economics.
|
| 856 |
4 |
0 |
|u https://ebookcentral.proquest.com/lib/matrademy/detail.action?docID=302239
|z Click to View
|